000 00668nam a2200229Ia 4500
003 OSt
005 20220925191503.0
006 a|||||r|||| 00| 0
007 ta
008 220923b |||||||| |||| 00| 0 eng d
037 _cGeneral Book
040 _aRTL
_cRTL
_beng
041 _2eng
_aeng
082 _aX9(E).2.N93 - N92r, N3/GD
110 _aNational Organic Chemical Industries Ltd.
245 0 _a32nd Annual Report 1992-93.
260 _aBombay
_bNOCIL
_c1993
300 _a38p.
_ccm.
700 _aNational Organic Chemical Industries Ltd.
942 _hX9(E).2.N93 - N92r, N3/GD
_cGB
_2CC
999 _c518703
_d518703